000 00814nam1a2200241 4500
001 RU\NLR\BIBL_A\022459202
005 20250807185204.0
035 _a(NLR Aleph) 022459202
090 _a80400
_c80400
100 _a20250807 rusy50
101 0 _auzb
_crus
102 _aUZ
105 _aa z 000 y
200 1 _aАрифметика масалалари ва машқлари тӯплама
_fН.С. Попова
210 _aТошкент
_cӰздавнашр
215 _cил.
_d20
541 1 _aСборник арифметических задач и упражнений
_zrus
700 1 _aПопова
_bН.С.
_4070
852 _aNLR
_bОНЛ
_jУзбек./2-1544
942 _cBOOK
945 _aРоссийская национальная библиотека
980 _aBV